000 00739nam a2200265Ia 4500
005 20260302114248.0
008 008 260114s9999 xx 000 0 eng d
020 _a9798881818289
037 _aTextbook
040 _aCRL
040 _beng
040 _cCRL
041 _2eng
041 _aeng
084 _qCRL
100 _aJodie Lee Heap
_91118248
245 4 _aThe Creative Imagination Indeterminacy and Embodiment in the Writings of Kant, Fichte, and Castoriadis
260 _bBloomsbury
260 _bRowman & Littlefield
260 _c2021
650 _aPhilosophy
856 _uhttps://doi.org/10.5040/9798881818289?locatt=label:secondary_bloomsburyCollections
942 _cEBOOK
999 _c1681916
_d1681916